<?xml version="1.0" encoding="UTF-8"?>
<record
    xmlns:xsi="http://www.w3.org/2001/XMLSchema-instance"
    xsi:schemaLocation="http://www.loc.gov/MARC21/slim http://www.loc.gov/standards/marcxml/schema/MARC21slim.xsd"
    xmlns="http://www.loc.gov/MARC21/slim">

  <leader>01357nam a2200289uu 4500</leader>
  <controlfield tag="001">1416835</controlfield>
  <controlfield tag="005">20260508085959.0</controlfield>
  <controlfield tag="008">150729s2013                        eng  </controlfield>
  <datafield tag="020" ind1=" " ind2=" ">
    <subfield code="a">9781466551992</subfield>
  </datafield>
  <datafield tag="035" ind1=" " ind2=" ">
    <subfield code="a">1416835</subfield>
  </datafield>
  <datafield tag="040" ind1=" " ind2=" ">
    <subfield code="c">comduadb</subfield>
  </datafield>
  <datafield tag="041" ind1=" " ind2=" ">
    <subfield code="a">eng</subfield>
  </datafield>
  <datafield tag="082" ind1=" " ind2="4">
    <subfield code="a">617</subfield>
  </datafield>
  <datafield tag="100" ind1="1" ind2="0">
    <subfield code="a">Wu, Chengtie</subfield>
    <subfield code="4">edt</subfield>
    <subfield code="e">edt</subfield>
    <subfield code="9">749498</subfield>
  </datafield>
  <datafield tag="245" ind1="1" ind2="0">
    <subfield code="a">advanced bioactive inorganic materials for bone regeneration and drug delivery</subfield>
  </datafield>
  <datafield tag="260" ind1=" " ind2=" ">
    <subfield code="a">Boca Raton, FL :</subfield>
    <subfield code="b">CRC Press,</subfield>
    <subfield code="c">2013.</subfield>
  </datafield>
  <datafield tag="300" ind1=" " ind2=" ">
    <subfield code="a">xiii, 222 p&#xE1;ginas :</subfield>
    <subfield code="b">ilustrado.</subfield>
  </datafield>
  <datafield tag="520" ind1="3" ind2=" ">
    <subfield code="a">La Biocer&#xE1;micas juega un papel importante en la reparaci&#xF3;n y regeneraci&#xF3;n &#xF3;sea defectuosa o da&#xF1;ada. Anualmente, m&#xE1;s de 500.000 procedimientos de injerto de hueso se realizan en los Estados Unidos y aproximadamente 2,2 millones se llevan a cabo en todo el mundo. Este texto revisa los &#xFA;ltimos avances en el campo de la Biocer&#xE1;mica  El libro resume conceptos innovadores, dise&#xF1;o biocer&#xE1;mico  y m&#xE9;todos para la s&#xED;ntesis de materiales y administraci&#xF3;n de f&#xE1;rmacos.</subfield>
  </datafield>
  <datafield tag="650" ind1=" " ind2=" ">
    <subfield code="a">Regeneraci&#xF3;n &#xF3;sea</subfield>
    <subfield code="9">13820</subfield>
  </datafield>
  <datafield tag="650" ind1=" " ind2=" ">
    <subfield code="a">Biocer&#xE1;mica</subfield>
    <subfield code="9">28243</subfield>
  </datafield>
  <datafield tag="650" ind1=" " ind2="7">
    <subfield code="a">Materiales biocompatibles</subfield>
    <subfield code="2">dcs</subfield>
    <subfield code="9">176107</subfield>
  </datafield>
  <datafield tag="650" ind1=" " ind2=" ">
    <subfield code="a">Ingenier&#xED;a tisular</subfield>
    <subfield code="9">130797</subfield>
  </datafield>
  <datafield tag="650" ind1=" " ind2=" ">
    <subfield code="a">Administracion de farmacos</subfield>
    <subfield code="9">190288</subfield>
  </datafield>
  <datafield tag="700" ind1="1" ind2="0">
    <subfield code="a">Chang, Jiang</subfield>
    <subfield code="4">edt</subfield>
    <subfield code="e">edt</subfield>
    <subfield code="9">734324</subfield>
  </datafield>
  <datafield tag="700" ind1="1" ind2="0">
    <subfield code="a">Xiao, Yin</subfield>
    <subfield code="4">edt</subfield>
    <subfield code="e">edt</subfield>
    <subfield code="9">743406</subfield>
  </datafield>
  <datafield tag="942" ind1=" " ind2=" ">
    <subfield code="c">BOOK</subfield>
  </datafield>
  <datafield tag="999" ind1=" " ind2=" ">
    <subfield code="c">719740</subfield>
    <subfield code="d">719740</subfield>
  </datafield>
  <datafield tag="952" ind1=" " ind2=" ">
    <subfield code="0">0</subfield>
    <subfield code="1">0</subfield>
    <subfield code="4">0</subfield>
    <subfield code="7">0</subfield>
    <subfield code="8">GEN</subfield>
    <subfield code="a">BC</subfield>
    <subfield code="b">BC</subfield>
    <subfield code="d">2015-07-29</subfield>
    <subfield code="e">Global books</subfield>
    <subfield code="g">418700.00</subfield>
    <subfield code="i">C1230078</subfield>
    <subfield code="l">0</subfield>
    <subfield code="o">617.471 A244</subfield>
    <subfield code="p">01006752</subfield>
    <subfield code="r">2023-10-27 00:00:00</subfield>
    <subfield code="t">1</subfield>
    <subfield code="w">2023-05-03</subfield>
    <subfield code="y">BOOK</subfield>
  </datafield>
</record>
